000 00782nam a2200277Ia 4500
003 OSt
005 20221007074636.0
006 a|||||r|||| 00| 0
007 ta
008 221006b |||||||| |||| 00| 0 eng d
024 _a5,607
037 _cReference Collections
040 _aFLL
_cFLL
_beng
041 _2eng
_aeng
082 _aX:9:Z2qg, L9.3
100 _aMathrubutham R. Au.
_9681251
245 0 _aFactories & labour manual
250 _a5th
260 _aNagpur
_bWadhwa and comp India
_c1979
300 _a1018p
_ccm.
490 _vV3
650 _aLabour and manual
_9693035
700 _a Srinivasan R Au.
_9584052
942 _hX:9:Z2qg, L9.3
_cREF
_2CC
999 _c1153182
_d1153182